LEADER 05247nam 2200709Ia 450 001 9910451553203321 005 20200520144314.0 010 $a1-281-93805-X 010 $a9786611938055 010 $a981-277-945-0 035 $a(CKB)1000000000412110 035 $a(EBL)1679645 035 $a(OCoLC)879023893 035 $a(SSID)ssj0000204050 035 $a(PQKBManifestationID)12058307 035 $a(PQKBTitleCode)TC0000204050 035 $a(PQKBWorkID)10175616 035 $a(PQKB)11408389 035 $a(MiAaPQ)EBC1679645 035 $a(WSP)00006676 035 $a(Au-PeEL)EBL1679645 035 $a(CaPaEBR)ebr10255462 035 $a(CaONFJC)MIL193805 035 $a(EXLCZ)991000000000412110 100 $a20080414d2007 uy 0 101 0 $aeng 135 $aur|n|---||||| 181 $ctxt 182 $cc 183 $acr 200 10$aModelling and simulation in science$b[electronic resource] $e6th International Workshop on Data Analysis in Astronomy, Erice, Italy, 15-22 April 2007 /$fedited by Vito Di Gesu?, Giosue? Lo Bosco, Maria Concetta Maccarone 210 $aNew Jersey $cWorld Scientific$dc2007 215 $a1 online resource (352 p.) 225 1 $aScience and culture series. Astrophysics 300 $aDescription based upon print version of record. 311 $a981-277-944-2 320 $aIncludes bibliographical references and index. 327 $aCONTENTS; Workshop photographs; Organizing Committees; Preface; Memory of Livio Scarsi; Part A - Astrophysics, Cosmology and Earth Physics; Simulations for UHE Cosmic Ray Experiments J. Knapp; 1. Cosmic Rays and Air Showers; 2. The Pierre Auger Observatory; 3. Simulations versus Models; 4. Air Shower Simulations and the CORSIKA Program; 5. Some Selected Details; 6. Outlook; Acknowledgement; References; Detector Modeling in Astroparticle Physics S. Petrera; 1. Introduction; 2. MACRO as a ? detector; 2.1. Atmospheric neutrinos and their oscillation; 2.2. Physics and detector simulation 327 $a1. Introduction2. Comparison of Models; 3. Conclusions; References; Observations, Simulations, and Modeling of Space Plasma Waves: A Perspective on Space Weather V. S. Sonwalkar; 1. Introduction; 2. Atmosphere-Ionosphere-Magnetosphere System and its Solar Drivers; 3. Plasma Waves; 3.1. Observations of plasma waves; 3.2. Generation and propagation of plasma waves; 3.3. Modeling and simulations of plasma waves; 3.4. Contribution of plasma waves to space weather: wave-particle interactions; 3.5. Monitoring space weather using plasma waves; 4. Concluding Remarks; Acknowledgments; References 327 $aElectron Flux Maps of Solar Flares: A Regularization Approach to Rhessi Imaging Spectroscopy A. M. Massone, M. Piana, M. Prato, A. G. Emslie, G. J. Hurford, E. P. Kontar, R. A. Scwartz1. Introduction; 2. Visibilities; 3. Electron Flux Spectrum Images; 4. Application to RHESSI Data; 5. Conclusions; References; Problems and Solutions in Climate Modeling A. Sutera; 1. Introduction; 2. The Equations of Motion; 3. Parameter Settings and Numerical Solutions; 4. An Heuristic Model; 5. Conclusions; Acknowledgments; References 327 $aNumerical Simulations and Diagnostics in Astrophysics: A few Magnetohydrodynamics Examples G. Peres, R. Bonito, S. Orlando, F. Reale1. Introduction; 2. Supernovae Remnants; 3. Protostellar Jets; 4. Conclusions; 5. Acknowledgements; References; Numerical Simulations of Multi-Scale Astrophysical Problems: The example of Type Ia Supernovae F. K. Ro?pke; 1. Introduction; 2. Astrophysical Model; 3. Challenges; 4. Governing Equations; 5. Modeling Approaches; 6. Numerical Methods; 7. Three-dimensional Type Ia Supernova Simulations; References 327 $aNumerical Simulations in Astropysics: From the Stellar Jets to the White Dwarfs F. Rubini, L. Delzanna, J. A. Biello, J. W. Truran 330 $a This proceedings volume contains results presented at the Sixth International Workshop on Data Analysis in Astronomy - "Modeling and Simulation in Science" held on April 15-22, 2007, at the Ettore Majorana Foundation and Center for Scientific Culture, Erice, Italy. Recent progress and new trends in the field of simulation and modeling in three branches of science - astrophysics, biology, and climatology - are described in papers presented by outstanding scientists. The impact of new technologies on the design of novel data analysis systems and the interrelation among different fields are fore 410 0$aScience and culture series (Singapore).$pAstrophysics. 606 $aAstronomy$xComputer simulation$vCongresses 606 $aAstronomy$xData processing$vCongresses 608 $aElectronic books. 615 0$aAstronomy$xComputer simulation 615 0$aAstronomy$xData processing 676 $a003.3 701 $aDi Gesu?$b V$0872955 701 $aLo Bosco$b Giosue?$0872956 701 $aMaccarone$b Maria Concetta$0872957 701 $aScarsi$b L$0872958 712 12$aInternational Workshop on Data Analysis in Astronomy 801 0$bMiAaPQ 801 1$bMiAaPQ 801 2$bMiAaPQ 906 $aBOOK 912 $a9910451553203321 996 $aModelling and simulation in science$91948723 997 $aUNINA LEADER 02291nam 22006133 450 001 9910815762403321 005 20241126122252.0 010 $a9781773059617$b(electronic bk.) 010 $z9781770416598 035 $a(MiAaPQ)EBC6964082 035 $a(Au-PeEL)EBL6964082 035 $a(CKB)21708327800041 035 $a(ODN)ODN0008127409 035 $a(EXLCZ)9921708327800041 100 $a20220501d2022 uy 0 101 0 $aeng 135 $aurcnu|||||||| 181 $ctxt$2rdacontent 182 $cc$2rdamedia 183 $acr$2rdacarrier 200 10$aWoman, Watching $eLouise de Kiriline Lawrence and the Songbirds of Pimisi Bay 210 1$aToronto :$cECW Press,$d2022. 210 4$dİ2022. 215 $a1 online resource (416 pages) 311 08$aPrint version: Simonds, Merilyn Woman, Watching Toronto : ECW Press,c2022 9781770416598 330 $aA woman of the Swedish aristocracy loses her young husband in the Russian revolution and finds her way to northern Ontario to work as a nurse for the Dionne Quintuplets before discovering a deep love of the birds that live on her handful of acres. She creates longitudinal behavior and population studies that are still used by Ornithologists today. 606 $aOrnithologists$zOntario, Northern$vBiography 606 $aWomen naturalists$zOntario, Northern$vBiography 606 $aNaturalists$zOntario, Northern$vBiography 606 $aSongbirds$zOntario, Northern 606 $aNaturalists$2fast$3(OCoLC)fst01034543 606 $aOrnithologists$2fast$3(OCoLC)fst01048356 606 $aSongbirds$2fast$3(OCoLC)fst01126064 606 $aWomen naturalists$2fast$3(OCoLC)fst01178193 607 $aNorthern Ontario$2fast 608 $aBiographies.$2fast 608 $aBiographies.$2lcgft 615 0$aOrnithologists 615 0$aWomen naturalists 615 0$aNaturalists 615 0$aSongbirds 615 7$aNaturalists. 615 7$aOrnithologists. 615 7$aSongbirds. 615 7$aWomen naturalists. 676 $a508.713/11092 686 $acci1icc$2lacc 700 $aSimonds$b Merilyn$f1949-$01530343 801 0$bMiAaPQ 801 1$bMiAaPQ 801 2$bMiAaPQ 912 $a9910815762403321 996 $aWoman, Watching$94037450 997 $aUNINA